000 00829nam a2200265 i 4500
001 47516
003 ES-MaACL
005 20250812095040.0
007 t|
008 030430s2002 sp ||||1| spa d
020 _a84-89614-25-3
080 _a77.044(460)"19"
080 _a946.0"19"(084.12)
110 2 _aAgencia EFE
_91264
245 1 0 _a1900-2000, un siglo de España.
250 _a4ª ed.
260 _a[Madrid] :
_bAgencia EFE,
_c2002.
300 _a309 p. :
_bfot. col. y n. ;
_c31 cm.
500 _aÍndice.
594 _aCrónica gráfica de un siglo contada por la Agencia EFE a través del material de sus archivos.
650 4 _aFotografía periodística-
_zEspaña.
_912967
651 4 _aEspaña-
_xHistoria-
_yS.XX-
_vObras ilustradas.
_9172537
852 _aES-MaACL
_jL-26303
999 _c47516
_d47516